| 000 | 00578nam a22001937a 4500 | ||
|---|---|---|---|
| 003 | AM-YeHGA | ||
| 005 | 20250617153944.0 | ||
| 008 | 180328s xxu||||| |||| 00| 0 rus d | ||
| 040 | _aAM-YeHGA | ||
| 041 | _arus | ||
| 100 | 1 | _aАччыгыйа, Амма | |
| 245 | 1 | 0 |
_aЗемля / _cАмма Аччыгыйа |
| 260 |
_aЯкутск: _bГосиздат ЯАССР, _c1948: |
||
| 300 | _a74 с. | ||
| 440 | 1 | _aБ-чка якутской Советской литературы | |
| 653 | 0 | _aЯкутская литература | |
| 942 |
_2udc _cBK |
||
| 090 | _c403688 | ||
| 999 |
_c401478 _d401478 |
||